Codex alimentarius Vol.11 Sugars, cocoa products and chocolate and miscellaneous products; Joint FAO and WHO food standards programme codex alimentarius commission

Gardado en:
Detalles Bibliográficos
Autor Principal: FAO
Formato: Libro
Idioma:Undetermined
Publicado: Rome FAO 1994
Những chủ đề:
Các nhãn: Engadir etiqueta
Sen Etiquetas, Sexa o primeiro en etiquetar este rexistro!
Thư viện lưu trữ: Trung tâm Học liệu Trường Đại học Cần Thơ
LEADER 00719nam a2200217Ia 4500
001 CTU_4272
008 210402s9999 xx 000 0 und d
082 |a 640 
082 |b C669/V11 
100 |a FAO 
245 0 |a Codex alimentarius Vol.11 
245 0 |b Sugars, cocoa products and chocolate and miscellaneous products; Joint FAO and WHO food standards programme codex alimentarius commission 
245 0 |c FAO, OMS 
260 |a Rome 
260 |b FAO 
260 |c 1994 
526 |a Công nghệ chế biến chè, cà phê, ca cao 
526 |b NN296 
650 |a cocoa,food supply,sugar 
904 |i Nguyễn Quang Điền, 960530 
980 |a Trung tâm Học liệu Trường Đại học Cần Thơ